Регионална библиотека "Любен Каравелов" - Русе

A la recherche des dinausaures (Запис номер 103914)

MARC детайли
000 -Лидер
Контролно поле с фиксирана дължина 00957nam a2200313 c 4500
003 - Код на организацията, давaща контролен номер
Контролно поле BLK
005 - Дата и час на последна редакция
Контролно поле 20180420230245.0
008 - Елементи от данни с фиксирана дължина
fixed length control field 180409b bul|||||r ||||||| ||bul||
010 ## - Наследен системен номер
LC control number KNG00108997000
020 ## - Международен стандартен номер на книга ISBN
Международен стандартен номер на книга ISBN 2-7320-3542-2
-- издат.: Editions du Sorbier
040 ## - Източник на каталожния запис
Идентификатор на билиотеката - собственик на записа BLK
041 ## - Код за език
Код за езика на текст/звукозапис или на отделно заглавие Френски
Код за езика КДБФ Френски
080 ## - УДК
Текстов определител УДК Динозаври
УДК код - определител по УДК 568.1
УДК определител
УДК - код + определител 568.1
100 1# - Редна дума - Автор
Автор Aliki
Авторска отговорност първи автор
R(LIN) 309732
139 ## - Редно поле
Редна дума Sur les pas de Francois d'Assise
Авторски знак Ali - A 36
245 10 - Сведения за заглавието
Заглавие A la recherche des dinausaures
Редно поле (дума) Aliki; trad. de l'anglais Madelaine Gilard.
257 ## - Страна на издаване
Страна на създаване/издаване Франция
260 ## - Област на издателските данни
-- Paris
Име на издателя, разпространителя и проч. Editions du Sorbier
Година на издаване 1998
300 ## - Физическа характеристика
Страници 31 c.
Илюстрации и др. с ил.
Размери/Мащаб 26 см
380 ## - Жанр
Жанр Естествени науки. Математика
650 #4 - Допълнително описание по предмет – тема
Основно описание – тема или топоним Динозаври
9 (RLIN) 153483
653 ## - Ключова дума – ненормативна
Ключова дума динозаври
700 1# - Други автори (авторска отговорност)
Лично име Gilard, Madelaine
Автороска отговорност (Описва отношението между автора и произведението) trad. de l'anglais
9 (RLIN) 11142
852 ## - Местоположение
Форматна сигнатура Цб ІІ 12446
856 4# - Електронен адрес и достъп
Електронен формат pdf - файл
Път до файла /url/
856 4# - Електронен адрес и достъп
Електронен формат pdf - файл
Път до файла /url/
942 ## - АРТИКУЛИ
Вид на библиотечния материал Книги
Скрит в OPAC Не
944 ## - СЪЗДАВАНЕ И РЕДАКЦИЯ на ЗАПИСА
Създаване/Редакция Създаване
Дата на регистрацията/редакция 13.02.2004
Служител, извършил регистрацията/редакцията Валя_Йорданова
944 ## - СЪЗДАВАНЕ И РЕДАКЦИЯ на ЗАПИСА
Създаване/Редакция Редакция
Дата на регистрацията/редакция 01.04.2004
Служител, извършил регистрацията/редакцията
999 ## - СИСТЕМНИ КОНТРОЛНИ НОМЕРА
Koha biblionumber 103914
Koha biblioitemnumber 103914
Наличности
Код за отписване Код за изгубен артикул Код за повреда Коз за рестрикции Код за отдаване Артикулен № Име на библиотеката - собственик Име на библиотеката, в която се намира в момента Статус (Текущо местоположение) Дата на вписване в системата Местоположение - отдел Цена в лева Инвентарен номер Систематично азбучна сигнатура Баркод Номер на екземпляра Цена в евро Служебна бележка Служебен тип на артикула
  Не е изгубен Не е повреден без рестрикции заемане за дома 167840 Регионална библиотека "Любен Каравелов" Русе Регионална библиотека "Любен Каравелов" Русе ЧЧЗО - англ. ез. - Британски съвет 2004-03-10 ЧЧЗО - англ. ез. - Британски съвет 4.00 120000683480 Цб ІІ 12446 120000683480 1 2.05 Дост: DA Вид: А N: 7 Дата: 10.03.2004 Дата инв: 24.03.2015 Бележки инв: Ч32015 Книги
Vip Innovations Ltd, Rousse, Bulgaria 2025